Contestación que el Provl. de Agustinos Calzados de Filipinas con fecha 5 de febrero de 1822 ha dado a la Diputación Provincial de Manila sobre misiones / (Record no. 48783)

MARC details
000 -LEADER
campo de control de longitud fija 00602nam a22001695i 4500
001 - NÚMERO DE CONTROL
campo de control 48783
003 - IDENTIFICADOR DE NÚMERO DE CONTROL
campo de control ES-MaACL
005 - FECHA Y HORA DE LA ÚLTIMA TRANSACCIÓN
campo de control 20230906161823.0
007 - CAMPO FIJO DE DESCRIPCIÓN FÍSICA--INFORMACIÓN GENERAL
campo de control de longitud fija t|
008 - DATOS DE LONGITUD FIJA--INFORMACIÓN GENERAL
campo de control de longitud fija 950731s1822 sp ||||1| spa d
040 ## - FUENTE DE CATALOGACIÓN
Centro catalogador/agencia de origen CAM
Lengua de catalogación spa
Centro/agencia transcriptor CAM
100 1# - ENTRADA PRINCIPAL--NOMBRE DE PERSONA
Nombre de persona Díez, Hilarión.
9 (RLIN) 44649
245 10 - MENCIÓN DEL TÍTULO
Título Contestación que el Provl. de Agustinos Calzados de Filipinas con fecha 5 de febrero de 1822 ha dado a la Diputación Provincial de Manila sobre misiones /
Mención de responsabilidad, etc. [Hilarión Díez].
260 ## - PUBLICACIÓN, DISTRIBUCIÓN, ETC.
Lugar de publicación, distribución, etc. Madrid :
Nombre del editor, distribuidor, etc. [s.n.],
Fecha de publicación, distribución, etc. 1822 (
Fabricante Leonardo Núñez de Vargas)
300 ## - DESCRIPCIÓN FÍSICA
Extensión 14 p. ;
Dimensiones 21 cm.
852 ## - LOCALIZACIÓN
Ubicación ES-MaACL
Número de control de estantería Fol-Laf-321
Holdings
Estatus retirado Estado de pérdida Estado de daño No para préstamo Colección Biblioteca de origen Biblioteca actual Ubicación en estantería Fecha de adquisición Fuente de adquisición Total de préstamos Signatura topográfica completa Código de barras Visto por última vez Precio de reemplazo Tipo de ítem Koha
        Colección de folletos Biblioteca del Ateneo de Madrid Biblioteca del Ateneo de Madrid Depósito folletos 17/01/2008     Fol-Laf-321 1051337 23/02/2023 23/02/2023 Folleto